000 00758cam a2200229 a 4500
001 12289186
005 20180129082327.0
008 010125s2002 njua b 001 0 eng
010 _a 2001030045
020 _a0130610461
040 _aDLC
_cDLC
_dDLC
041 _aeng
080 _a372.6 TOM
082 0 0 _a372.6 TOM
_221
100 1 _a47
101 _aEDU
245 1 0 _aLanguage arts :
_cGail E. Tompkins.
504 _aIncludes bibliographical references and indexes.
906 _a7
_bcbc
_corignew
_d1
_eocip
_f20
_gy-gencatlg
942 _2ddc
_cBK
999 _c41183
_d41183